Historia de España A-Z - Estadísticas

Estadísticas generales
  • Esta prueba ha sido intentada 2.689 veces
    2.652 desde el último reinicio
  • La puntuación promedio es 17 de 27
Estadísticas de respuestas
Letra Pista Respuesta % Correcto
F Dictador español fallecido en 1975 Francisco Franco
98%
E Grupo terrorista vasco activo entre 1968 y 2009 ETA
96%
P Moneda de curso legal entre 1868 y 2002 Peseta
94%
R Después de la dictadura de Primo de Rivera llega la segunda República
90%
G Localidad bombardeada por alemanes e italianos en la guerra civil española Guernica
86%
D Pintor de Las Meninas y de La Rendición de Breda Diego Velázquez
84%
C Primera constitución española, publicada en 1812 Constitución de {Cádiz}
81%
J Último rey en abdicar en la historia de España Juan Carlos I
81%
A Primer presidente de la España democrática moderna Adolfo Suárez
80%
H Conquistador español que lideró la conquista del Imperio azteca Hernán Cortés
80%
Z Se convierte en el centro político del Reino de Aragón en 1118 Zaragoza
77%
V Pueblo germánico que controló España antes de la conquista musulmana Visigodos
69%
M Movimiento artístico del siglo XX con exponentes como Gaudí Modernismo
63%
X Antiguo nombre de Jerez de la Frontera Xerez de la Frontera
62%
Y Península americana conquistada en el s. XVI Yucatán
61%
Q Apellido del escritor de Historia de la vida del Buscón y de Los sueños Quevedo
60%
L Batalla naval contra los otomanos en 1571 Batalla de {Lepanto}
58%
S Junto a Guinea Ecuatorial y el Rif, España adquirió este territorio en el reparto de África Sáhara Occidental
52%
K Nombre usado para Carlos V en el Sacro Imperio Romano Germánico Karl I
50%
I Pueblo prerromano del litoral oriental Íberos
46%
U Tratado que puso fin a la guerra de sucesión española Tratado de {Utrecht}
46%
N Decretos promulgados por Felipe V en el s. XVIII que suprimieron instituciones regionales Decretos de {Nueva} {Planta}
45%
W Paz con la que acaba la guerra de los 80 años entre España y los Países Bajos Paz de {Westfalia]
43%
B Marino que defendió Cartagena de Indias en 1741 frente a los ingleses Blas de Lezo
32%
O Lengua romance usada en la edad media por la nobleza y la literatura del Reino de Aragón Occitano
21%
T Principal pueblo indígena mesoamericano aliado de los españoles Tlaxcaltecas
7%
Ñ Conquistador y fundador de Santa Cruz de la Sierra, en la actual Bolivia {Ñuflo} de Chaves
4%
No se encontraron pruebas coincidentes
Distribución de puntuación
Porcentaje de gente con cada puntuación
Porcentaje por número respondido
Historial de tus puntuaciones
No has intentado esta prueba desde el último reinicio